Dialogue entre un prêtre et un moribond et autres opuscules / (Record no. 172414)

MARC details
000 -LEADER
campo de control de longitud fija 00819nam a2200229 i 4500
001 - NÚMERO DE CONTROL
campo de control 172414
003 - IDENTIFICADOR DE NÚMERO DE CONTROL
campo de control ES-MaACL
005 - FECHA Y HORA DE LA ÚLTIMA TRANSACCIÓN
campo de control 20250819054658.0
008 - DATOS DE LONGITUD FIJA--INFORMACIÓN GENERAL
campo de control de longitud fija 090702s1961 sp |||| | spa d
080 ## - NÚMERO DE LA CLASIFICACIÓN DECIMAL UNIVERSAL
Número de la Clasificación Decimal Universal 821.133.1-96"17"
080 ## - NÚMERO DE LA CLASIFICACIÓN DECIMAL UNIVERSAL
Número de la Clasificación Decimal Universal 141.45
100 1# - ENTRADA PRINCIPAL--NOMBRE DE PERSONA
Nombre de persona Sade,
Títulos y otros términos asociados al nombre marquis de,
Fechas asociadas al nombre 1740-1814
9 (RLIN) 101276
245 10 - MENCIÓN DEL TÍTULO
Título Dialogue entre un prêtre et un moribond et autres opuscules /
Mención de responsabilidad, etc. D. A. F. de Sade ; préface de Maurice Heine.
260 ## - PUBLICACIÓN, DISTRIBUCIÓN, ETC.
Lugar de publicación, distribución, etc. Paris :
Nombre del editor, distribuidor, etc. Jean Jacques Pauvert,
Fecha de publicación, distribución, etc. [1961]
300 ## - DESCRIPCIÓN FÍSICA
Extensión 139 p. ;
Dimensiones 17 cm.
490 1# - MENCIÓN DE SERIE
Mención de serie Oeuvres completes / Sade ;
Designación de volumen o secuencia 7
650 07 - PUNTO DE ACCESO ADICIONAL DE MATERIA--TÉRMINO DE MATERIA
Término de materia o nombre geográfico como elemento de entrada Ateísmo
Fuente del encabezamiento o término embne
9 (RLIN) 10395
700 1# - ENTRADA AGREGADA--NOMBRE PERSONAL
Nombre de persona Heine, Maurice.
9 (RLIN) 140928
830 0# - PUNTO DE ACCESO ADICIONAL DE SERIE-TÍTULO UNIFORME
Título uniforme Oeuvres completes / Sade ;
Designación de volumen o secuencia 7
9 (RLIN) 223319
852 ## - LOCALIZACIÓN
Ubicación ES-MaACL
Número de control de estantería E-12745
itemnumber R.140370
Nota libre .- Biblioteca Jacinto Martínez Lacalle
Holdings
Estatus retirado Estado de pérdida Estado de daño No para préstamo Biblioteca de origen Biblioteca actual Ubicación en estantería Fecha de adquisición Fuente de adquisición Total de préstamos Signatura topográfica completa Código de barras Visto por última vez Precio de reemplazo Tipo de ítem Koha
        Biblioteca del Ateneo de Madrid Biblioteca del Ateneo de Madrid Depósito 2 02/07/2009     E-12745 1180936 23/02/2023 23/02/2023 Libro impreso